[Event "Russian Rapid Championship (m)"]
[Site "Sochi"]
[Date "2022.10.15"]
[Round "2.15"]
[White "Uskov, Artem"]
[Black "Ponkratov, Pavel"]
[Result "1/2-1/2"]
[BlackElo "2518"]
[WhiteElo "2276"]
[LiveChessVersion "1.4.8"]

1. e4 {[%clk 0:15:18]} e6 {[%clk 0:15:19]} 2. d4 {[%clk 0:15:26]} d5
{[%clk 0:15:28]} 3. Nc3 {[%clk 0:15:34]} Nf6 {[%clk 0:15:36]} 4. e5
{[%clk 0:15:43]} Nfd7 {[%clk 0:15:45]} 5. f4 {[%clk 0:15:52]} c5 {[%clk 0:15:54]}
6. Be3 {[%clk 0:16:01]} Nc6 {[%clk 0:16:03]} 7. Nf3 {[%clk 0:16:09]} a6
{[%clk 0:16:11]} 8. Qd2 {[%clk 0:16:16]} Qc7 {[%clk 0:16:20]} 9. Be2
{[%clk 0:16:24]} b6 {[%clk 0:16:10]} 10. O-O {[%clk 0:16:30]} Be7
{[%clk 0:16:18]} 11. Nd1 {[%clk 0:16:32]} f5 {[%clk 0:16:25]} 12. exf6
{[%clk 0:16:20]} Nxf6 {[%clk 0:16:33]} 13. Nf2 {[%clk 0:16:24]} O-O
{[%clk 0:16:41]} 14. c3 {[%clk 0:16:32]} Bd6 {[%clk 0:16:10]} 15. Ne5
{[%clk 0:16:27]} Ne7 {[%clk 0:16:19]} 16. g4 {[%clk 0:16:17]} Bb7
{[%clk 0:16:27]} 17. h3 {[%clk 0:16:17]} Rac8 {[%clk 0:16:29]} 18. Rac1
{[%clk 0:16:25]} b5 {[%clk 0:16:07]} 19. Bd3 {[%clk 0:15:51]} Ne4
{[%clk 0:16:11]} 20. Nxe4 {[%clk 0:14:49]} dxe4 {[%clk 0:16:19]} 21. Bb1
{[%clk 0:14:57]} Bxe5 {[%clk 0:15:38]} 22. fxe5 {[%clk 0:14:53]} Ng6
{[%clk 0:15:46]} 23. Rxf8+ {[%clk 0:14:07]} Rxf8 {[%clk 0:15:54]} 24. Rf1
{[%clk 0:14:16]} Nh4 {[%clk 0:14:51]} 25. Rxf8+ Kxf8 {[%clk 0:15:00]} 26. Kf2
{[%clk 0:13:44]} Nf3 {[%clk 0:15:08]} 27. Qe2 {[%clk 0:12:04]} cxd4
{[%clk 0:15:07]} 28. Bxd4 {[%clk 0:11:47]} Qf7 {[%clk 0:14:23]} 29. Kg3
{[%clk 0:11:37]} g5 {[%clk 0:14:11]} 30. Qe3 {[%clk 0:11:03]} Kg7
{[%clk 0:04:11]} 31. Bxe4 {[%clk 0:10:36]} Bxe4 {[%clk 0:04:19]} 32. Qxe4
{[%clk 0:10:45]} Nh4 {[%clk 0:04:09]} 33. Qe3 {[%clk 0:10:33]} h6
{[%clk 0:04:01]} 34. Qf2 {[%clk 0:10:35]} Qb7 {[%clk 0:04:10]} 35. Bc5
{[%clk 0:10:01]} Kh7 {[%clk 0:04:19]} 36. Be3 {[%clk 0:09:15]} Kg8
{[%clk 0:04:01]} 37. Bc5 {[%clk 0:09:16]} Kh7 {[%clk 0:01:18]} 38. Be3
{[%clk 0:09:21]} 1/2-1/2

[Event "Russian Rapid Championship (m)"]
[Site "Sochi"]
[Date "2022.10.15"]
[Round "2.16"]
[White "Zvjaginsev, Vadim"]
[Black "Khayrullin, Denis"]
[Result "1/2-1/2"]
[BlackElo "2284"]
[WhiteElo "2498"]
[LiveChessVersion "1.4.8"]

1. d4 {[%clk 0:15:17]} Nf6 {[%clk 0:14:32]} 2. Nf3 {[%clk 0:15:22]} g6
{[%clk 0:14:37]} 3. g3 {[%clk 0:15:27]} Bg7 {[%clk 0:14:44]} 4. Bg2
{[%clk 0:15:36]} O-O {[%clk 0:14:52]} 5. O-O {[%clk 0:15:44]} d5 {[%clk 0:15:01]}
6. Nbd2 {[%clk 0:15:45]} c6 {[%clk 0:14:53]} 7. Re1 {[%clk 0:15:08]} Bf5
{[%clk 0:14:56]} 8. Nh4 {[%clk 0:15:02]} Be6 {[%clk 0:15:00]} 9. c3
{[%clk 0:14:57]} c5 {[%clk 0:12:33]} 10. dxc5 {[%clk 0:15:00]} Nbd7
{[%clk 0:12:13]} 11. Nb3 {[%clk 0:14:36]} Rc8 {[%clk 0:12:02]} 12. Be3
{[%clk 0:14:34]} Ne4 {[%clk 0:12:11]} 13. Nf3 {[%clk 0:14:10]} Ndxc5
{[%clk 0:12:05]} 14. Ng5 {[%clk 0:13:32]} Bf5 {[%clk 0:08:21]} 15. Nxc5
{[%clk 0:12:00]} Nxc5 {[%clk 0:08:30]} 16. Bxd5 {[%clk 0:11:31]} e6
{[%clk 0:04:33]} 17. Bg2 {[%clk 0:11:38]} h6 {[%clk 0:04:42]} 18. Nf3
{[%clk 0:11:20]} e5 {[%clk 0:04:07]} 19. Qxd8 {[%clk 0:08:52]} Rfxd8
{[%clk 0:04:16]} 20. Bxc5 {[%clk 0:07:11]} Rxc5 {[%clk 0:04:26]} 21. Red1
{[%clk 0:07:15]} Rxd1+ {[%clk 0:03:21]} 22. Rxd1 {[%clk 0:07:22]} Be6
{[%clk 0:03:30]} 23. Rd8+ {[%clk 0:06:35]} Kh7 {[%clk 0:02:39]} 24. a3
{[%clk 0:06:35]} Bf6 {[%clk 0:02:08]} 25. Rd2 {[%clk 0:04:12]} Be7
{[%clk 0:02:17]} 26. Ne1 {[%clk 0:04:04]} Rb5 {[%clk 0:01:01]} 27. b4
{[%clk 0:03:17]} Bg5 {[%clk 0:00:21]} 28. e3 {[%clk 0:03:06]} a5 {[%clk 0:00:21]}
29. h4 {[%clk 0:02:43]} Be7 {[%clk 0:00:29]} 30. Nc2 {[%clk 0:02:26]} Kg7
{[%clk 0:00:19]} 31. e4 {[%clk 0:01:21]} Rb6 {[%clk 0:00:15]} 32. Ne3
{[%clk 0:01:23]} Rc6 {[%clk 0:00:16]} 33. Rd3 {[%clk 0:01:21]} axb4
{[%clk 0:00:19]} 34. axb4 {[%clk 0:01:28]} b5 {[%clk 0:00:15]} 35. Kh2
{[%clk 0:01:32]} Bb3 {[%clk 0:00:15]} 36. h5 {[%clk 0:01:27]} Bg5
{[%clk 0:00:19]} 37. hxg6 {[%clk 0:01:32]} fxg6 {[%clk 0:00:27]} 38. Rd7+
{[%clk 0:01:30]} Kf8 {[%clk 0:00:34]} 39. Nd5 {[%clk 0:01:34]} Bxd5
{[%clk 0:00:20]} 40. Rxd5 {[%clk 0:01:38]} Bf6 {[%clk 0:00:16]} 41. Rd3
{[%clk 0:01:39]} Ke7 {[%clk 0:00:14]} 42. Bf1 {[%clk 0:01:38]} Bg5
{[%clk 0:00:15]} 43. Rd5 {[%clk 0:01:36]} Bf6 {[%clk 0:00:22]} 44. Rd3
{[%clk 0:01:35]} h5 {[%clk 0:00:29]} 45. Kg2 {[%clk 0:01:42]} Bg5
{[%clk 0:00:36]} 46. Rd5 {[%clk 0:01:39]} Ke6 {[%clk 0:00:46]} 47. Bxb5
{[%clk 0:01:35]} Rxc3 {[%clk 0:00:54]} 48. Bd7+ {[%clk 0:01:32]} Kf6
{[%clk 0:00:46]} 49. b5 {[%clk 0:01:32]} Rc2 {[%clk 0:00:19]} 50. b6
{[%clk 0:00:51]} Be3 {[%clk 0:00:26]} 51. b7 {[%clk 0:00:59]} Rxf2+
{[%clk 0:00:32]} 52. Kh3 {[%clk 0:01:03]} Rb2 {[%clk 0:00:35]} 53. Rb5
{[%clk 0:00:19]} Rxb5 {[%clk 0:00:21]} 54. Bxb5 {[%clk 0:00:28]} Ba7
{[%clk 0:00:29]} 55. Be8 {[%clk 0:00:36]} Bb8 {[%clk 0:00:21]} 56. Kg2
{[%clk 0:00:45]} Kg5 {[%clk 0:00:14]} 57. Kf3 {[%clk 0:00:53]} Ba7
{[%clk 0:00:22]} 58. Ke2 {[%clk 0:01:01]} Kg4 {[%clk 0:00:18]} 59. Bxg6
{[%clk 0:01:08]} Kxg3 {[%clk 0:00:28]} 60. Bxh5 {[%clk 0:01:16]} Kf4
{[%clk 0:00:37]} 61. Kd3 {[%clk 0:01:25]} Kg5 {[%clk 0:00:44]} 62. Be2
{[%clk 0:01:07]} Kf6 {[%clk 0:00:21]} 63. Kc4 {[%clk 0:01:16]} Ke6
{[%clk 0:00:30]} 64. Kb5 {[%clk 0:01:21]} Kd7 {[%clk 0:00:13]} 65. Ka6
{[%clk 0:01:21]} Bb8 {[%clk 0:00:21]} 66. Kb6 {[%clk 0:01:28]} Kd6
{[%clk 0:00:25]} 67. Bg4 {[%clk 0:01:17]} Ke7 {[%clk 0:00:31]} 68. Kc6
{[%clk 0:01:22]} Kd8 {[%clk 0:00:38]} 69. Bc8 {[%clk 0:01:24]} Ke7
{[%clk 0:00:43]} 70. Kd5 {[%clk 0:01:33]} Kd8 {[%clk 0:00:45]} 71. Ke6
{[%clk 0:01:39]} Bc7 {[%clk 0:00:49]} 1/2-1/2

[Event "Russian Rapid Championship (m)"]
[Site "Sochi"]
[Date "2022.10.15"]
[Round "2.17"]
[White "Demidov, Mikhail"]
[Black "Averin, Nikolay"]
[Result "0-1"]
[BlackElo "2268"]
[WhiteElo "2488"]
[LiveChessVersion "1.4.8"]

1. Nf3 {[%clk 0:15:17]} d5 {[%clk 0:15:19]} 2. d4 {[%clk 0:15:18]} Nf6
{[%clk 0:15:27]} 3. Bf4 {[%clk 0:15:26]} c5 {[%clk 0:15:36]} 4. dxc5
{[%clk 0:15:35]} Na6 {[%clk 0:14:02]} 5. e3 {[%clk 0:15:30]} Nxc5
{[%clk 0:14:08]} 6. c4 {[%clk 0:15:30]} Qb6 {[%clk 0:11:49]} 7. cxd5
{[%clk 0:13:36]} Qxb2 {[%clk 0:10:56]} 8. Be5 {[%clk 0:13:37]} Qb4+
{[%clk 0:07:52]} 9. Nbd2 {[%clk 0:11:03]} Bf5 {[%clk 0:04:47]} 10. Rc1
{[%clk 0:06:59]} Nxd5 {[%clk 0:02:57]} 11. Rxc5 {[%clk 0:05:44]} Qxc5
{[%clk 0:02:41]} 12. e4 {[%clk 0:05:53]} Nb4 {[%clk 0:01:58]} 13. Bc4
{[%clk 0:04:31]} Be6 {[%clk 0:00:46]} 14. Qa4+ {[%clk 0:02:00]} Bd7
{[%clk 0:00:39]} 15. Qb3 {[%clk 0:02:09]} e6 {[%clk 0:00:33]} 16. Bd4
{[%clk 0:00:47]} Qa5 {[%clk 0:00:25]} 17. O-O {[%clk 0:00:55]} b5
{[%clk 0:00:34]} 18. Be2 {[%clk 0:01:01]} Qxa2 {[%clk 0:00:32]} 19. Qe3
{[%clk 0:00:37]} Nc2 {[%clk 0:00:37]} 20. Qd3 {[%clk 0:00:46]} Nxd4
{[%clk 0:00:38]} 21. Qxd4 {[%clk 0:00:54]} Qa4 {[%clk 0:00:44]} 22. Qd3
{[%clk 0:00:57]} Qa3 {[%clk 0:00:21]} 23. Qb1 {[%clk 0:01:00]} Qb4
{[%clk 0:00:24]} 24. Qa1 {[%clk 0:01:03]} Qa3 {[%clk 0:00:24]} 25. Qb1
{[%clk 0:01:05]} a6 {[%clk 0:00:26]} 26. Ne5 {[%clk 0:01:08]} Bd6
{[%clk 0:00:31]} 27. Ndf3 {[%clk 0:00:52]} Bxe5 {[%clk 0:00:15]} 28. Nxe5
{[%clk 0:01:01]} Qc3 {[%clk 0:00:15]} 29. Nxd7 {[%clk 0:00:58]} Kxd7
{[%clk 0:00:24]} 30. Rc1 {[%clk 0:01:01]} Qa3 {[%clk 0:00:16]} 31. Bxb5+
{[%clk 0:00:47]} axb5 {[%clk 0:00:21]} 32. Qxb5+ {[%clk 0:00:56]} Ke7
{[%clk 0:00:16]} 33. Qb7+ {[%clk 0:01:05]} Kf6 {[%clk 0:00:16]} 34. e5+
{[%clk 0:01:10]} Kg5 {[%clk 0:00:21]} 35. h4+ {[%clk 0:00:21]} Kh6
{[%clk 0:00:24]} 36. Re1 {[%clk 0:00:17]} Ra7 {[%clk 0:00:14]} 37. Qe4
{[%clk 0:00:18]} Ra4 {[%clk 0:00:15]} 38. Qc2 {[%clk 0:00:16]} g6
{[%clk 0:00:13]} 39. Qd2+ {[%clk 0:00:20]} Kg7 {[%clk 0:00:21]} 40. h5
{[%clk 0:00:23]} Rc8 {[%clk 0:00:15]} 41. h6+ {[%clk 0:00:27]} Kg8
{[%clk 0:00:24]} 42. Qg5 {[%clk 0:00:27]} Qf8 {[%clk 0:00:20]} 43. Rd1
{[%clk 0:00:21]} Rac4 {[%clk 0:00:18]} 44. g3 {[%clk 0:00:16]} R4c5
{[%clk 0:00:17]} 45. Qf4 {[%clk 0:00:12]} Qe7 {[%clk 0:00:19]} 46. Kh2
{[%clk 0:00:20]} Rc4 {[%clk 0:00:23]} 47. Qe3 {[%clk 0:00:27]} Rc3
{[%clk 0:00:24]} 48. Qf4 {[%clk 0:00:34]} R3c4 {[%clk 0:00:14]} 49. Qe3
{[%clk 0:00:43]} R4c5 {[%clk 0:00:23]} 50. f4 {[%clk 0:00:37]} Rd5
{[%clk 0:00:19]} 51. Ra1 {[%clk 0:00:43]} Qb7 {[%clk 0:00:20]} 52. Kh3
{[%clk 0:00:50]} Rb5 {[%clk 0:00:13]} 53. Rd1 {[%clk 0:00:39]} Rb1
{[%clk 0:00:13]} 54. Qe1 {[%clk 0:00:24]} Rxd1 {[%clk 0:00:17]} 55. Qxd1
{[%clk 0:00:32]} Qd5 {[%clk 0:00:25]} 56. Qa1 {[%clk 0:00:33]} Qf3
{[%clk 0:00:25]} 0-1

[Event "Russian Rapid Championship (m)"]
[Site "Sochi"]
[Date "2022.10.15"]
[Round "2.18"]
[White "Yatzenko, Anton"]
[Black "Iljin, Timofey"]
[Result "0-1"]
[BlackElo "2488"]
[WhiteElo "2270"]
[LiveChessVersion "1.4.8"]

1. d4 {[%clk 0:15:18]} d5 {[%clk 0:15:19]} 2. Nf3 {[%clk 0:15:26]} Nf6
{[%clk 0:15:28]} 3. Bf4 {[%clk 0:15:35]} c5 {[%clk 0:15:37]} 4. e3
{[%clk 0:15:44]} Nc6 {[%clk 0:15:46]} 5. Nbd2 {[%clk 0:15:52]} cxd4
{[%clk 0:15:48]} 6. exd4 {[%clk 0:16:01]} Bf5 {[%clk 0:15:57]} 7. c3
{[%clk 0:16:05]} e6 {[%clk 0:16:03]} 8. Be2 {[%clk 0:15:56]} Bd6 {[%clk 0:16:01]}
9. Bxd6 {[%clk 0:15:58]} Qxd6 {[%clk 0:16:09]} 10. Nh4 {[%clk 0:15:56]} Be4
{[%clk 0:16:15]} 11. Nxe4 {[%clk 0:15:40]} dxe4 {[%clk 0:16:18]} 12. g3
{[%clk 0:15:48]} O-O {[%clk 0:16:07]} 13. O-O {[%clk 0:15:55]} Rad8
{[%clk 0:15:52]} 14. Ng2 {[%clk 0:15:24]} e5 {[%clk 0:15:01]} 15. dxe5
{[%clk 0:15:31]} Qxe5 {[%clk 0:15:10]} 16. Qc1 {[%clk 0:15:40]} Nd5
{[%clk 0:13:48]} 17. Re1 {[%clk 0:15:43]} f5 {[%clk 0:13:49]} 18. Ne3
{[%clk 0:13:53]} f4 {[%clk 0:13:48]} 19. Nxd5 {[%clk 0:13:54]} Qxd5
{[%clk 0:13:57]} 20. Rd1 {[%clk 0:13:41]} Qe5 {[%clk 0:12:43]} 21. Rxd8
{[%clk 0:13:44]} Nxd8 {[%clk 0:12:52]} 22. Qe1 {[%clk 0:12:33]} Kh8
{[%clk 0:12:30]} 23. Rd1 {[%clk 0:12:17]} Ne6 {[%clk 0:12:15]} 24. Bg4
{[%clk 0:11:15]} Ng5 {[%clk 0:11:08]} 25. h4 {[%clk 0:11:00]} Nf7
{[%clk 0:10:43]} 26. Rd4 {[%clk 0:05:48]} Nd6 {[%clk 0:10:47]} 27. Bh3
{[%clk 0:05:36]} h6 {[%clk 0:09:50]} 28. Bg2 {[%clk 0:04:57]} fxg3
{[%clk 0:07:38]} 29. fxg3 {[%clk 0:05:05]} e3 {[%clk 0:07:46]} 30. Rd5
{[%clk 0:04:24]} Qe6 {[%clk 0:07:50]} 31. Rd3 {[%clk 0:04:32]} Re8
{[%clk 0:07:25]} 32. Kh2 {[%clk 0:02:34]} Qe7 {[%clk 0:05:41]} 33. Qe2
{[%clk 0:01:52]} Nc4 {[%clk 0:05:35]} 34. b3 {[%clk 0:01:32]} Nd6
{[%clk 0:05:25]} 35. c4 {[%clk 0:01:06]} b6 {[%clk 0:05:34]} 36. Bc6
{[%clk 0:01:07]} Rf8 {[%clk 0:02:56]} 37. Rxe3 Qc7 38. Rf3 {[%clk 0:00:44]} Rxf3
{[%clk 0:02:52]} 39. Qxf3 {[%clk 0:00:31]} Qe7 {[%clk 0:02:19]} 40. Bd5
{[%clk 0:00:38]} g5 {[%clk 0:02:04]} 41. Qc3+ {[%clk 0:00:34]} Kh7
{[%clk 0:02:14]} 42. Qc2+ {[%clk 0:00:36]} Kg7 {[%clk 0:02:20]} 43. hxg5
{[%clk 0:00:32]} Qxg5 {[%clk 0:01:55]} 44. Qc3+ {[%clk 0:00:36]} Qf6
{[%clk 0:00:56]} 45. Qxf6+ {[%clk 0:00:41]} Kxf6 {[%clk 0:01:06]} 46. Kh3
{[%clk 0:00:42]} Ke5 {[%clk 0:00:57]} 47. Kg4 {[%clk 0:00:36]} Nf5
{[%clk 0:01:04]} 48. Bg8 {[%clk 0:00:33]} a5 {[%clk 0:01:13]} 49. Bh7
{[%clk 0:00:22]} Ng7 {[%clk 0:00:13]} 50. Kf3 {[%clk 0:00:24]} Kd4
{[%clk 0:00:23]} 51. g4 {[%clk 0:00:20]} Ne6 {[%clk 0:00:30]} 52. Bg8
{[%clk 0:00:26]} Ng5+ {[%clk 0:00:33]} 53. Kf4 {[%clk 0:00:35]} Ne4
{[%clk 0:00:42]} 54. Kf5 {[%clk 0:00:28]} Nc3 {[%clk 0:00:16]} 55. Kg6
{[%clk 0:00:36]} Nxa2 {[%clk 0:00:23]} 56. Kxh6 {[%clk 0:00:43]} Nc1
{[%clk 0:00:32]} 57. g5 {[%clk 0:00:40]} Nxb3 {[%clk 0:00:42]} 58. g6
{[%clk 0:00:43]} Nc5 {[%clk 0:00:51]} 59. g7 {[%clk 0:00:47]} Nd7
{[%clk 0:01:00]} 60. Be6 {[%clk 0:00:43]} Nf6 {[%clk 0:01:09]} 61. Kg6
{[%clk 0:00:51]} Ke5 {[%clk 0:01:19]} 62. Bd7 {[%clk 0:00:58]} Ng8
{[%clk 0:01:18]} 63. Bb5 {[%clk 0:01:10]} Ke6 {[%clk 0:01:28]} 64. Be8
{[%clk 0:01:05]} Nf6 {[%clk 0:01:18]} 65. Bc6 {[%clk 0:00:59]} Ke7
{[%clk 0:01:16]} 66. Ba4 {[%clk 0:00:55]} Ke6 {[%clk 0:01:09]} 67. Bd1
{[%clk 0:00:49]} Ke7 {[%clk 0:01:12]} 68. Bc2 {[%clk 0:00:58]} Ng8
{[%clk 0:01:11]} 69. Ba4 {[%clk 0:01:03]} Ke6 {[%clk 0:01:13]} 70. Bb3
{[%clk 0:01:10]} Ne7+ {[%clk 0:01:20]} 71. Kh7 {[%clk 0:01:09]} Kd6
{[%clk 0:01:21]} 72. Ba4 {[%clk 0:00:29]} Kc5 {[%clk 0:01:22]} 73. Bb5
{[%clk 0:00:38]} Kb4 {[%clk 0:01:30]} 74. Bd7 {[%clk 0:00:33]} a4
{[%clk 0:01:28]} 75. Kh6 {[%clk 0:00:33]} a3 {[%clk 0:01:36]} 76. Kg5
{[%clk 0:00:42]} a2 {[%clk 0:01:43]} 77. Kf6 {[%clk 0:00:51]} a1=Q+
{[%clk 0:01:51]} 0-1

[Event "Russian Rapid Championship (m)"]
[Site "Sochi"]
[Date "2022.10.15"]
[Round "2.19"]
[White "Khegay, Dmitriy"]
[Black "Gabdushev, Ruslan"]
[Result "0-1"]
[BlackElo "2262"]
[WhiteElo "2486"]
[LiveChessVersion "1.4.8"]

1. e4 {[%clk 0:15:19]} Nc6 {[%clk 0:15:14]} 2. Nf3 {[%clk 0:15:15]} d6
{[%clk 0:15:19]} 3. d4 {[%clk 0:15:23]} Nf6 {[%clk 0:15:15]} 4. Nc3
{[%clk 0:15:31]} Bg4 {[%clk 0:15:09]} 5. Be3 {[%clk 0:14:39]} e6 {[%clk 0:14:52]}
6. h3 {[%clk 0:13:24]} Bh5 {[%clk 0:14:56]} 7. Be2 {[%clk 0:13:31]} Be7
{[%clk 0:13:58]} 8. d5 {[%clk 0:13:35]} exd5 {[%clk 0:13:46]} 9. exd5
{[%clk 0:13:44]} Bxf3 {[%clk 0:13:24]} 10. Bxf3 {[%clk 0:13:39]} Ne5
{[%clk 0:13:30]} 11. Be2 {[%clk 0:13:47]} c5 {[%clk 0:11:15]} 12. Qd2
{[%clk 0:13:23]} Qa5 {[%clk 0:10:09]} 13. g4 {[%clk 0:13:01]} h6 {[%clk 0:09:53]}
14. f4 {[%clk 0:13:02]} Ned7 {[%clk 0:09:46]} 15. O-O-O {[%clk 0:12:55]} O-O-O
{[%clk 0:09:46]} 16. h4 {[%clk 0:12:48]} h5 {[%clk 0:08:35]} 17. g5
{[%clk 0:12:39]} Ne8 {[%clk 0:08:33]} 18. Rhe1 {[%clk 0:11:46]} Nc7
{[%clk 0:08:05]} 19. Bf1 {[%clk 0:11:54]} Rhe8 {[%clk 0:07:44]} 20. Bg1
{[%clk 0:11:31]} Nb6 {[%clk 0:06:05]} 21. a3 {[%clk 0:11:37]} f5 {[%clk 0:05:35]}
22. Re3 {[%clk 0:06:01]} g6 {[%clk 0:05:24]} 23. Bf2 {[%clk 0:05:10]} Bf8
{[%clk 0:05:25]} 24. Be1 {[%clk 0:04:45]} Bg7 {[%clk 0:05:01]} 25. Rxe8
{[%clk 0:04:06]} Rxe8 {[%clk 0:04:56]} 26. Qf2 {[%clk 0:03:32]} Bxc3
{[%clk 0:03:59]} 27. Bxc3 {[%clk 0:03:38]} Qa4 {[%clk 0:04:06]} 28. Bg2
{[%clk 0:03:01]} Qc4 {[%clk 0:03:58]} 29. Re1 {[%clk 0:02:38]} Nbxd5
{[%clk 0:03:33]} 30. Rxe8+ {[%clk 0:02:38]} Nxe8 {[%clk 0:03:42]} 31. Bd2
{[%clk 0:02:24]} Nec7 {[%clk 0:03:42]} 32. b3 {[%clk 0:01:59]} Qd4
{[%clk 0:02:06]} 33. Qxd4 {[%clk 0:02:08]} cxd4 {[%clk 0:02:16]} 34. Kd1
{[%clk 0:02:17]} Ne7 {[%clk 0:01:46]} 35. Bb4 {[%clk 0:01:50]} Ned5
{[%clk 0:01:28]} 36. Bd2 {[%clk 0:01:58]} Ne7 {[%clk 0:01:37]} 37. Ke2
{[%clk 0:02:07]} Ne6 {[%clk 0:01:41]} 38. Kf3 {[%clk 0:01:48]} Kc7
{[%clk 0:01:37]} 39. Bf1 {[%clk 0:01:55]} d5 {[%clk 0:01:40]} 40. b4
{[%clk 0:01:38]} Nc8 {[%clk 0:01:42]} 41. c4 {[%clk 0:01:34]} dxc3
{[%clk 0:01:30]} 42. Bxc3 {[%clk 0:01:42]} d4 {[%clk 0:01:24]} 43. Bb2
{[%clk 0:01:21]} Nd6 {[%clk 0:01:32]} 44. Bd3 {[%clk 0:01:24]} b5
{[%clk 0:01:40]} 45. Bc1 {[%clk 0:01:25]} Kc6 {[%clk 0:01:45]} 46. Bc2
{[%clk 0:01:22]} Kd5 {[%clk 0:01:50]} 47. Bd3 {[%clk 0:01:21]} a6
{[%clk 0:01:54]} 48. Ke2 {[%clk 0:01:30]} Ne4 {[%clk 0:01:53]} 49. Kf3
{[%clk 0:01:29]} Nd6 {[%clk 0:01:52]} 50. Ke2 {[%clk 0:01:37]} Nc4
{[%clk 0:01:58]} 51. Kf3 {[%clk 0:01:43]} Nc7 {[%clk 0:01:45]} 52. Ke2
{[%clk 0:01:33]} Ne8 {[%clk 0:01:53]} 53. Kf3 {[%clk 0:01:36]} Ned6
{[%clk 0:02:01]} 54. Ke2 {[%clk 0:01:45]} Ne4 {[%clk 0:02:04]} 55. Kf3
{[%clk 0:01:45]} Nc3 {[%clk 0:02:11]} 0-1

[Event "Russian Rapid Championship (m)"]
[Site "Sochi"]
[Date "2022.10.15"]
[Round "2.20"]
[White "Shcherbin, Matvei"]
[Black "Dzhumagaliev, Yan"]
[Result "0-1"]
[BlackElo "2479"]
[WhiteElo "2266"]
[LiveChessVersion "1.4.8"]

1. e4 {[%clk 0:15:17]} c5 {[%clk 0:15:19]} 2. c3 {[%clk 0:15:25]} d5
{[%clk 0:15:27]} 3. exd5 {[%clk 0:15:32]} Qxd5 {[%clk 0:15:35]} 4. d4
{[%clk 0:15:39]} Nc6 {[%clk 0:15:41]} 5. Nf3 {[%clk 0:15:46]} Bg4
{[%clk 0:15:45]} 6. dxc5 {[%clk 0:15:41]} Qxd1+ {[%clk 0:15:53]} 7. Kxd1
{[%clk 0:15:50]} e5 {[%clk 0:16:00]} 8. b4 {[%clk 0:15:59]} a5 {[%clk 0:16:02]}
9. Bb5 {[%clk 0:15:20]} e4 {[%clk 0:15:39]} 10. Bxc6+ {[%clk 0:15:04]} bxc6
{[%clk 0:15:47]} 11. h3 {[%clk 0:15:12]} O-O-O+ {[%clk 0:15:49]} 12. Nbd2
{[%clk 0:15:20]} exf3 {[%clk 0:15:55]} 13. hxg4 {[%clk 0:15:28]} fxg2
{[%clk 0:16:03]} 14. Rg1 {[%clk 0:15:35]} axb4 {[%clk 0:16:11]} 15. cxb4
{[%clk 0:15:43]} Rd4 {[%clk 0:16:20]} 16. Rxg2 {[%clk 0:11:43]} Rxb4
{[%clk 0:16:27]} 17. Ba3 {[%clk 0:11:37]} Ra4 {[%clk 0:16:19]} 18. Bb2
{[%clk 0:11:45]} Nf6 {[%clk 0:15:36]} 19. Bxf6 {[%clk 0:10:22]} gxf6
{[%clk 0:15:44]} 20. Nb3 {[%clk 0:09:14]} Rg8 {[%clk 0:15:19]} 21. Rh2
{[%clk 0:06:31]} h6 {[%clk 0:14:14]} 22. f3 {[%clk 0:05:00]} f5 {[%clk 0:10:20]}
23. gxf5 {[%clk 0:05:09]} Bg7 {[%clk 0:10:29]} 24. Rc1 {[%clk 0:04:47]} Be5
{[%clk 0:10:11]} 25. Re2 {[%clk 0:01:18]} f6 {[%clk 0:08:18]} 26. Rcc2
{[%clk 0:00:45]} h5 {[%clk 0:08:27]} 27. Rg2 {[%clk 0:00:48]} Rh8
{[%clk 0:08:36]} 28. Ke2 {[%clk 0:00:29]} h4 {[%clk 0:08:35]} 29. Rg4
{[%clk 0:00:38]} Bf4 {[%clk 0:04:55]} 30. Kf1 {[%clk 0:00:47]} h3
{[%clk 0:05:04]} 31. Kg1 {[%clk 0:00:38]} Rd8 {[%clk 0:04:48]} 32. Kh1
{[%clk 0:00:12]} h2 {[%clk 0:04:19]} 33. Rxh2 {[%clk 0:00:13]} Rd1+
{[%clk 0:04:27]} 34. Rg1 {[%clk 0:00:21]} Rxg1+ {[%clk 0:04:34]} 35. Kxg1
{[%clk 0:00:30]} Bxh2+ {[%clk 0:04:41]} 36. Kxh2 {[%clk 0:00:40]} Rf4
{[%clk 0:03:13]} 37. Kg3 {[%clk 0:00:28]} Rxf5 {[%clk 0:03:22]} 38. f4
{[%clk 0:00:38]} Kd7 {[%clk 0:02:53]} 39. Kf3 {[%clk 0:00:24]} Rh5
{[%clk 0:03:01]} 40. Ke4 {[%clk 0:00:29]} Rh2 {[%clk 0:01:57]} 41. Kf5
{[%clk 0:00:36]} Ke7 {[%clk 0:02:06]} 42. a4 {[%clk 0:00:19]} Kf7
{[%clk 0:01:43]} 43. Ke4 {[%clk 0:00:19]} Ra2 {[%clk 0:01:49]} 44. a5
{[%clk 0:00:24]} Ra3 {[%clk 0:01:56]} 45. Nd4 {[%clk 0:00:24]} Rxa5
{[%clk 0:02:01]} 46. Nxc6 {[%clk 0:00:32]} Rxc5 {[%clk 0:02:10]} 47. Nd4
{[%clk 0:00:41]} Kg6 {[%clk 0:02:07]} 48. Ke3 {[%clk 0:00:13]} Kh5
{[%clk 0:01:40]} 49. Kf3 {[%clk 0:00:15]} Rc3+ {[%clk 0:01:20]} 50. Ke4
{[%clk 0:00:24]} Kg4 {[%clk 0:01:28]} 51. f5 {[%clk 0:00:13]} Rc4
{[%clk 0:01:24]} 52. Kd5 {[%clk 0:00:22]} Rxd4+ {[%clk 0:01:33]} 53. Kxd4
{[%clk 0:00:31]} Kxf5 {[%clk 0:01:42]} 54. Ke3 {[%clk 0:00:40]} Kg4
{[%clk 0:01:51]} 55. Kf2 {[%clk 0:00:49]} Kf4 {[%clk 0:02:00]} 0-1